[Event "Nikaia Fysiolatriko op B"]
[Site "Nikaia"]
[Date "2015.06.19"]
[Round "3"]
[White "Theodosopoulos, Spyros"]
[Black "Agriopoulos, Konstantinos"]
[Result "0-1"]
[WhiteElo "1200"]
[BlackElo "1603"]
[PlyCount "38"]
[EventDate "2015.06.16"]
[EventType "swiss"]
[EventRounds "9"]
[EventCountry "GRE"]
[SourceTitle "EXT 2024"]
[Source "ChessBase"]
[SourceDate "2023.10.10"]
[SourceVersion "1"]
[SourceVersionDate "2023.10.10"]
[SourceQuality "1"]

1. d4 Nf6 2. c4 g6 3. Nf3 Bg7 4. Nc3 d5 5. e3 0-0 6. Be2 c5 7. 0-0 e6 8. Qc2 Nc6 9. a3 cxd4 10. Nxd4 Nxd4 11. exd4 dxc4 12. Bg5 Qxd4 13. Rfd1 Qe5 14. Be3 Nd5 15. Bd4 Qg5 16. Bxg7 Kxg7 17. Bxc4 Nf4 18. Bf1 b6 19. Qe4 Nh3+ 0-1

[Event "Petroupoli-ch"]
[Site "Petropouli"]
[Date "2014.01.25"]
[Round "1"]
[White "Katsoulotos, Ioannis"]
[Black "Theodosopoulos, Spyros"]
[Result "0-1"]
[WhiteElo "1000"]
[BlackElo "1245"]
[PlyCount "62"]
[EventDate "2014.01.25"]
[EventType "swiss"]
[EventRounds "7"]
[EventCountry "GRE"]
[SourceTitle "EXT 2015"]
[Source "ChessBase"]
[SourceDate "2014.11.20"]
[SourceVersion "1"]
[SourceVersionDate "2014.11.20"]
[SourceQuality "1"]

1. e4 e6 2. d4 d5 3. Nc3 c5 4. Nf3 Nc6 5. Be3 Qb6 6. e5 Nge7 7. Nb5 Nf5 8. dxc5 Bxc5 9. Bxc5 Qxc5 10. c3 0-0 11. Nfd4 Nfxd4 12. cxd4 Qb4+ 13. Nc3 Qxb2 14. Bd3 Qxc3+ 15. Kf1 Qxd4 16. Be2 Qxd1+ 17. Rxd1 Nxe5 18. h4 a6 19. Rh3 Bd7 20. Re3 Nc6 21. Rd4 Nxd4 22. g4 Nxe2 23. Kxe2 Bb5+ 24. Ke1 Rac8 25. Kd2 Rfd8 26. f4 d4 27. Re5 d3 28. g5 Rc2+ 29. Ke1 Rdc8 30. a4 Bxa4 31. f5 Re2+ 0-1